Music Quiz

Random Music or Lyrics Quiz

Lady Gaga songs (By lyric) Quiz Stats

 Plays Quiz not verified by Sporcle

Score 0/9 Timer 03:00
0 Plays Today
Lyrics title of song % Correct
I want the drama, the touch of your handBad Romance
93.8%
I wanna roll with him a hard pair we will bePoker face
91.8%
You know that I love you boy/Hot like Mexico, rejoiceAlejandro
89.7%
Just a second It's my favorite song they're gonna play And I cannot text you with a drink in my hand, eh?Telephone
88.4%
Half psychotic, sick hypnoticJust Dance
82.2%
Leather and jeans/Garage glamorousPaparazzi
81.8%
Got my ass squeezed by sexy CupidLove Game
77.7%
When you give me K-kisses/That's money, Honey/When I'm your lover and your mistressMoney Honey
60.3%
I can't believe the way you looked at me/with your James Dean glossy eyesSpeechless
56.2%

You're not logged in!

Compare scores with friends on all Sporcle quizzes.
OR
Log In

Show Comments

Extras

Top Quizzes Today


Score Distribution

Your Account Isn't Verified!

In order to create a playlist on Sporcle, you need to verify the email address you used during registration. Go to your Sporcle Settings to finish the process.

Report this User

Report this user for behavior that violates our Community Guidelines.

Details: